5HLuxD.jpg

KING HENRY VIII SENIOR AND PRIMARY SCHOOL LIBRARY OPAC

The Cold War / (Record no. 2675)

000 -LEADER
fixed length control field 00807 am a2200277ua 4500
001 - CONTROL NUMBER
control field 009414919
003 - CONTROL NUMBER IDENTIFIER
control field OSt
005 - DATE AND TIME OF LATEST TRANSACTION
control field 20230809152316.0
008 - FIXED-LENGTH DATA ELEMENTS--GENERAL INFORMATION
fixed length control field 020304s2002 enkab || 001 ||eng
020 ## - INTERNATIONAL STANDARD BOOK NUMBER
International Standard Book Number 9780521798082 (pbk.) :
039 0# - LEVEL OF BIBLIOGRAPHIC CONTROL AND CODING DETAIL [OBSOLETE]
Level of rules in bibliographic description 2682
040 ## - CATALOGING SOURCE
Original cataloging agency StDuBDS
Transcribing agency KH8
082 04 - DEWEY DECIMAL CLASSIFICATION NUMBER
Classification number 909.825 SEW
100 1# - MAIN ENTRY--PERSONAL NAME
Personal name Sewell, Mike.
Relator term author,
245 14 - TITLE STATEMENT
Title The Cold War /
Statement of responsibility, etc. Mike Sewell.
260 ## - PUBLICATION, DISTRIBUTION, ETC.
Place of publication, distribution, etc. Cambridge :
Name of publisher, distributor, etc. Cambridge University Press,
Date of publication, distribution, etc. 2002.
300 ## - PHYSICAL DESCRIPTION
Extent v, 154 p. :
Other physical details ill., maps ;
Dimensions 5.99 x 0.37 x 9.02 inches
336 ## - CONTENT TYPE
Content type term text
Source rdacontent
337 ## - MEDIA TYPE
Media type term unmediated
Source rdamedia
338 ## - CARRIER TYPE
Carrier type term volume
Source rdacarrier
490 0# - SERIES STATEMENT
Series statement Cambridge perspectives in history
500 ## - GENERAL NOTE
General note Includes index.
504 ## - BIBLIOGRAPHY, ETC. NOTE
Bibliography, etc. note Includes bibliographical references and index.
650 #0 - SUBJECT ADDED ENTRY--TOPICAL TERM
Topical term or geographic name entry element Cold War.
942 ## - ADDED ENTRY ELEMENTS (KOHA)
Source of classification or shelving scheme
Koha item type Teaching Resources
Holdings
Withdrawn status Lost status Source of classification or shelving scheme Damaged status Not for loan Collection code Permanent Location Current Location Shelving location Date acquired Full call number Barcode Date last seen Price effective from Koha item type Total Checkouts Date last checked out
          Teaching Resources KH8 Senior School Library KH8 Senior School Library Staff Office 2023-08-09 909.825 SEW TRKHSL001506 2023-08-09 2023-08-09 Teaching Resources    
          Teaching Resources KH8 Senior School Library KH8 Senior School Library Staff Office 2023-08-09 909.825 SEW TRKHSL001507 2025-06-13 2023-08-09 Teaching Resources 1 2025-05-23

Powered By KH8 IT Dept